Œuvres cinématographiques fusionnées - Statistiques

Statistiques générales
  • Ce quiz a été pris 339 fois
  • Le résultat moyen est 4 sur 10
Statistiques - réponses
Résumés combinés Titres combinés % Correct
Un homme aide son frère à sortir de prison pour aller créer de la drogue dans un camping-car. Prison Breaking Bad
71%
Un homme mène une vie solitaire sur une île après que son avion se soit écrasé dans une armoire qui l'a transporté dans un monde fantastique. Seul au Monde de Narnia
68%
Le dirigeant britannique lutte contre ses problèmes d'élocution, et se rend maître de la savane après avoir vaincu son oncle, l'assassin de son père. Le discours d'un Roi Lion
61%
Un officier nordiste devenu ami avec les Sioux vit dans la débauche en s'enrichissant grâce à son entreprise de courtage à la bourse américaine. Danse avec les Loups de Wall Street
56%
Un neurochirurgien apprend à ouvrir des portails vers des mondes parallèles et lutte avec des enfants contre des monstres venant d'un monde parallèle. Docteur Stranger Things
50%
Un mathématicien pirate les messages de ses ennemis grâce à son invention et part à la conquête des sept couronnes avec ses dragons. Imitation Game of Thrones
40%
Un infirmier de l'armée américaine qui refuse de porter une arme devient surfeur pour arrêter des braqueurs de banque. Tu ne tueras Point Break
29%
Un pêcheur doit délibérer avec 11 autres hommes du sort d'un accusé, et libérer Zeus des Enfers pour sauver les dieux de l'Olympe. 12 Hommes en Colère des Titans
17%
Un magicien cherche et détruit les parties de l'âme de son ennemi, et fuit à travers les Etats-Unis pour échapper à des malfaiteurs qui le prennent pour un membre des services secrets. Harry Potter et les Reliques de la Mort aux Trousses
10%
Un ingénieux physicien atteint de la maladie de Charcot est ouvrier dans une usine de serrage de boulons. Il est arrêté, emprisonné et change de métier à plusieurs reprises, tout en élaborant des théories en physique cosmologiste. Une Merveilleuse Histoire des Temps Modernes
9%
Aucun quiz correspondant
Distribution des résultats
% des personnes avec chaque résultat
Percentile par nombre de réponses
Votre historique - résultats
Vous n’avez pas pris ce quiz